000 00868nab a2200265 u 4500
001 07532
003 HDC
007 cr bn ---aaaaa
008 210127c mydr|nes 0 a may d
040 _aHDC
100 _aBILQIS BAHARI
_eauthor
_98061
245 0 _aBrazil finds halal market opportunity through Malaysia/
_cby BILQIS BAHARI
260 _aKuala Lumpur :
_bNEW STRAITS TIMES,
_c2016
300 _aB5 page
336 _atext
_2rdacontent
337 _acomputer
_2rdamedia
338 _aonline resource
_2rdacarrier
650 _aBusiness industry
_96119
650 _aEconomy
_91877
650 _aHalal market
_9582
856 _zRequest full-text at [email protected]
942 _2lcc
942 _cNEWS
942 _kNWSC 001149
999 _c4855
_d4855